[Event "NED-ch U11"]
[Site "Waalwijk"]
[Date "2011.04.22"]
[Round "1"]
[White "Van Roon, Sjoerd"]
[Black "Van Maas de Bie, Jasper"]
[Result "0-1"]
[WhiteElo "1258"]
[BlackElo "914"]
[PlyCount "70"]
[EventDate "2011.04.22"]
[EventType "swiss"]
[EventRounds "9"]
[EventCountry "NED"]
[SourceTitle "EXT 2012"]
[Source "ChessBase"]
[SourceDate "2011.11.24"]
[SourceVersion "1"]
[SourceVersionDate "2011.11.24"]
[SourceQuality "1"]

1. e4 e5 2. Nf3 Nc6 3. Bc4 Bc5 4. c3 Nf6 5. d4 exd4 6. cxd4 Bb4+ 7. Bd2 Bxd2+ 8. Nbxd2 d6 9. 0-0 0-0 10. d5 Ne7 11. e5 dxe5 12. Re1 Nf5 13. Rxe5 Nd6 14. Bd3 Ng4 15. Rg5 Bd7 16. Nd4 Nf6 17. Re5 Ng4 18. Rh5 Nf6 19. Re5 Ng4 20. Re1 Qh4 21. Qf3 Qxh2+ 22. Kf1 Qh1+ 23. Ke2 Rfe8+ 24. Ne4 Qh4 25. Rh1 Qg5 26. Qh3 h6 27. f3 Qe3+ 28. Kf1 Qxd3+ 29. Ne2 Ne3+ 30. Kf2 Bxh3 31. Rxh3 Nxe4+ 32. fxe4 Qxe4 33. Nc3 Qxg2+ 34. Ke1 Nc2+ 35. Kd1 Re1# 0-1